|
|
|
|
| LEADER |
01268nam a2200361 a 4500 |
| 001 |
000841180 |
| 003 |
CZ BrMZK |
| 005 |
20070412065621.0 |
| 007 |
ta |
| 008 |
070209s1987 sz a erc 000 0 ger |
| 020 |
|
|
|q (Brož.)
|
| 040 |
|
|
|a BOA001
|b cze
|
| 041 |
0 |
|
|a ger
|a cze
|h ger
|
| 043 |
|
|
|a e-xr---
|
| 080 |
|
|
|a 75(437.3)
|2 MRF
|
| 080 |
|
|
|a 75.036/.038
|2 MRF
|
| 080 |
|
|
|a (437.3)
|2 MRF
|
| 080 |
|
|
|a (083.824)
|2 MRF
|
| 100 |
1 |
|
|a Vosolsobě, Tomáš,
|d 1937-2011
|7 jo2002100450
|4 art
|
| 245 |
1 |
0 |
|a Vosolsobě :
|b [Ausstellungskatalog : Museum im Kornhaus Herzogenbuchsee, 29. März - 20. April 1987 /
|c Text Gregor Roos]
|
| 260 |
|
|
|a Herzogenbuchsee :
|b Muzeum im Kornhaus,
|c 1987
|
| 300 |
|
|
|a [32] s. :
|b il. ;
|c 25 cm
|
| 500 |
|
|
|a 1500 výt.
|
| 546 |
|
|
|a Část. souběžný český text
|
| 600 |
1 |
7 |
|a Vosolsobě, Tomáš,
|d 1937-
|7 jo2002100450
|2 czenas
|
| 650 |
0 |
7 |
|a české malířství
|7 ph116864
|y 20.-21. stol.
|2 czenas
|
| 650 |
0 |
7 |
|a moderní malířství
|7 ph122940
|z Česko
|2 czenas
|
| 655 |
|
7 |
|a katalogy výstav
|7 fd132536
|2 czenas
|
| 700 |
1 |
|
|a Roos, Gregor
|7 mzk2007312952
|4 wfw
|
| 910 |
2 |
|
|a BOA001
|b 3-1182.278
|
| 990 |
|
|
|a BK
|
| 991 |
|
|
|b 200704
|
| 996 |
6 |
|
|b 2610307072
|c 3-1182.278
|l MZK
|r Sklad / do 1 hodiny
|n 0
|p dar
|w 000841180
|u 000010
|a 1
|e BOA001
|j MZK50
|s P
|